00333 a2200121 4500020001100000035001200011037004600023082001200069100001800081245006300099260002600162300002300188 c195.00 aB-79270 bRP-L-25 / UBH-03-04:SPL CH / RP-03-04:ENG14a894.0921 aAronson, Alex1 aRomain Rollandbthe story of a consciencecby Alex Aronson aNew DelhibRupac2003 a169 pc20 cm (pbk)